000 02511nam0a2200349 4500
001 RU\NLR\bibl\558436
005 20260407102648.0
021 _aRU
_b2004-26333
_91328
035 _a(NLR Aleph) 000550569
090 _a1469907
_c1469907
100 _a20041004d2004 |||y0rusy50 ca
101 0 _arus
102 _aRU
105 _aa |||||||||
200 1 _aУправление качеством подготовки специалистов на основе профессиограмм
_eСб. докл. Всерос. науч.-практ. конф. по профессиогр. проектированию образования и образоват. услуг (25-26 марта)
_f[Под общ. ред. д.п.н., проф. Ю.К. Черновой, д.т. и п. н., проф. В.В. Щипанова]
210 _aМ.
_aТольятти
_cИзд-во ТГУ
_d2004
215 _a371 с.
_cил.
_d21
300 _aВ надзаг.: М-во образования Рос. Федерации, Исслед. центр проблем качества подгот. специалистов, Департамент образования г. Тольятти, Тольят. гос. ун-т. Каф. упр. качеством, стандартизации и сертификации, Техникум сервис. технологий и предпринимательства г. Тольятти
320 _aБиблиогр. в конце докл.
320 _aАлф. указ.: с. 359-361
606 0 _aСпециалисты
_jСборники
_xПодготовка
_92059514
_3RU\NLR\auth\661234830
606 0 _aСпециалисты
_jСъезды, совещания и т.п.
_xПодготовка
_92059514
_3RU\NLR\auth\661234830
606 0 _aПрофессиограммы
_jСъезды, совещания и т.п.
_91258364
_3RU\NLR\auth\66516254
686 _aЧ454я431
686 _aЮ941.19я431
702 1 _4340
_8rus
_7ca
_aЧернова
_bЮ. К.
_cд-р пед. наук
_gЮлия Константиновна
_3RU\NLR\auth\7733311
_916319
711 1 2 _aВсероссийская научно-практическая конференция по профессиографическому проектированию образования и образовательных услуг
_f2004
_eТольятти
_3RU\NLR\AUTH\8810057579
_9616126
801 0 _aRU
_bNLR
_c20041004
_gPSBO
801 1 _aRU
_bNLR
_c20041004
942 _cBOOK
980 _aNB